[Event "GER-chT U12 Girls"]
[Site "Willingen"]
[Date "2022.08.13"]
[Round "1.5"]
[White "Marrufo, Adriana"]
[Black "Mauhs, Helena"]
[Result "0-1"]
[WhiteElo "942"]
[BlackElo "857"]
[PlyCount "108"]
[EventDate "2022.08.13"]
[EventType "team-swiss"]
[EventRounds "7"]
[EventCountry "GER"]
[SourceTitle "EXT 2023"]
[Source "ChessBase"]
[SourceDate "2022.10.05"]
[SourceVersion "1"]
[SourceVersionDate "2022.10.05"]
[SourceQuality "1"]
[WhiteTeam "Werder Bremen"]
[BlackTeam "Bayern Muenchen"]
[WhiteTeamCountry "GER"]
[BlackTeamCountry "GER"]

1. e4 e5 2. Nf3 Nc6 3. Bc4 Bc5 4. Nc3 Nf6 5. d3 h6 6. Be3 d6 7. h3 0-0 8. g4 Re8 9. g5 hxg5 10. Bxg5 Be6 11. Bb3 Qe7 12. Ne2 Bxb3 13. axb3 Qe6 14. Rg1 Rad8 15. Nc3 Rd7 16. Qe2 Nh5 17. Nxe5 Qxe5 18. Qxh5 Qh2 19. 0-0-0 Bxf2 20. Qg4 Ne5 21. Qg2 Bxg1 22. Rxg1 Qxg2 23. Rxg2 Re6 24. h4 Rg6 25. h5 Re6 26. h6 Rg6 27. Nd5 f6 28. Nxf6+ gxf6 29. Rh2 Rxg5 30. d4 Ng4 31. h7+ Kh8 32. Rh1 Rxh7 33. Rg1 Rh2 34. c3 f5 35. exf5 Rxf5 36. Kb1 Ne3 37. Re1 Rff2 38. Rxe3 Rxb2+ 39. Kc1 Rhc2+ 40. Kd1 Rh2 41. Re8+ Kg7 42. Re7+ Kf6 43. Kc1 Rbg2 44. Re1 Rc2+ 45. Kb1 Rb2+ 46. Ka1 Rbd2 47. Kb1 Ra2 48. Rf1+ Ke6 49. Re1+ Kd5 50. c4+ Kxd4 51. Rd1+ Kc3 52. Rc1+ Kxb3 53. Rd1 Rhb2+ 54. Kc1 Ra1# 0-1

[Event "GER-ch U10 Girls"]
[Site "Willingen"]
[Date "2022.06.08"]
[Round "7"]
[White "Nguyen, Minh Anh"]
[Black "Marrufo, Adriana"]
[Result "0-1"]
[WhiteElo "774"]
[BlackElo "927"]
[PlyCount "48"]
[EventDate "2022.06.04"]
[EventType "swiss"]
[EventRounds "11"]
[EventCountry "GER"]
[SourceTitle "CBM 208 Extra"]
[Source "ChessBase"]
[SourceDate "2022.07.31"]
[SourceVersion "1"]
[SourceVersionDate "2022.07.31"]
[SourceQuality "1"]

1. e4 e5 2. f4 f6 3. Nf3 Nc6 4. Nc3 Bc5 5. Bc4 d6 6. d3 Nge7 7. Qe2 Bd7 8. Be3 Bb6 9. Bxb6 axb6 10. 0-0 Ng6 11. fxe5 fxe5 12. Ng5 Qxg5 13. Bf7+ Ke7 14. Bd5 Rae8 15. Rf7+ Kd8 16. Rxg7 Nd4 17. Qf2 Rhf8 18. Qg3 Qf6 19. Rxh7 b5 20. a3 Be6 21. Bxb7 Rg8 22. Qf2 Nf4 23. g3 Re7 24. Rxe7 Nh3+ 0-1

[Event "GER-ch U10 Girls"]
[Site "Willingen"]
[Date "2022.06.05"]
[Round "1"]
[White "Stiehler, Mara"]
[Black "Marrufo, Adriana"]
[Result "1-0"]
[WhiteElo "1200"]
[BlackElo "927"]
[PlyCount "47"]
[EventDate "2022.06.04"]
[EventType "swiss"]
[EventRounds "11"]
[EventCountry "GER"]
[SourceTitle "CBM 208 Extra"]
[Source "ChessBase"]
[SourceDate "2022.07.31"]
[SourceVersion "1"]
[SourceVersionDate "2022.07.31"]
[SourceQuality "1"]

1. e4 e5 2. Nf3 Nf6 3. Nc3 Nc6 4. Bc4 Nxe4 5. Bxf7+ Kxf7 6. Nxe4 d5 7. Ng3 Bc5 8. d3 Rf8 9. Ng5+ Kg8 10. 0-0 Qf6 11. Qf3 Qg6 12. Qxd5+ Kh8 13. Qxc5 Kg8 14. b3 Bd7 15. Qd5+ Kh8 16. Qxd7 Rf6 17. Qxc7 Rb8 18. Nf3 Rf7 19. Nxe5 Qf6 20. Qxf7 Qxe5 21. Bf4 Qb2 22. Bxb8 Qa3 23. Qe8+ Qf8 24. Qxf8# 1-0

[Event "GER-ch U10 Girls"]
[Site "Willingen"]
[Date "2021.08.25"]
[Round "5"]
[White "Borck, Elena"]
[Black "Marrufo, Adriana"]
[Result "0-1"]
[WhiteElo "775"]
[BlackElo "850"]
[PlyCount "68"]
[EventDate "2021.08.22"]
[EventType "swiss"]
[EventRounds "11"]
[EventCountry "GER"]
[SourceTitle "EXT 2022"]
[Source "ChessBase"]
[SourceDate "2021.10.06"]
[SourceVersion "1"]
[SourceVersionDate "2021.10.06"]
[SourceQuality "1"]

1. c4 e5 2. Nc3 Nf6 3. g3 Nc6 4. Bg2 Bc5 5. e3 a6 6. Nge2 d6 7. 0-0 0-0 8. b3 Bd7 9. Bb2 Qc8 10. Rc1 Bh3 11. d4 Ba7 12. Nd5 Nxd5 13. cxd5 Ne7 14. Qd2 Bxg2 15. Kxg2 Ng6 16. Kg1 Bb6 17. f4 f6 18. Ba3 Qh3 19. Rf2 Qg4 20. Rc4 e4 21. Qc2 Rf7 22. Qxe4 Re7 23. Qd3 Rae8 24. Bc1 c5 25. dxc5 dxc5 26. Bd2 Ba7 27. b4 cxb4 28. Rxb4 Bxe3 29. f5 Bxf2+ 30. Kxf2 Rxe2+ 31. Kg1 Qh3 32. Qf3 Rxd2 33. Ra4 Re1+ 34. Qf1 Qxf1# 0-1